| 000 | 01507nam a2200373 i 4500 | ||
|---|---|---|---|
| 001 | 12015 | ||
| 003 | KOSZ 005 | ||
| 005 | 20240405063010.0 | ||
| 008 | 080821s1964 pl a g 001 0 pol | ||
| 015 | _aPB 1964/3859 | ||
| 040 |
_aWA N _cKOSZ 005/RW _dKOSZ 005/RW _dKOSZ 005/HR |
||
| 046 | _k1964 | ||
| 080 | _a94(438).082 | ||
| 080 | _a323.2(438) | ||
| 080 | _a329(438) | ||
| 245 | 0 | 0 |
_aPolski ruch robotniczy w okresie wojny i okupacji hitlerowskiej : _bwrzesień 1939 - styczeń 1945 : zarys historii / _cMarian Malinowski [et al.] ; red. Antoni Przygoński ; [oprac. graf. Stefan Bernaciński] ; Zakład Historii Partii przy KC PZPR. |
| 260 |
_aWarszawa : _b"Książka i Wiedza", _c1964. |
||
| 300 |
_aXV, [1], 606, [2] s., 93 k. tabl. : _bil. ; _c23 cm. |
||
| 380 | _aKsiążki. | ||
| 388 | _a1901-2000 | ||
| 504 | _aBibliogr. s. 546-564. Indeks. | ||
| 650 | 4 | _aRuchy i organizacje robotnicze | |
| 658 | _aHistoria | ||
| 648 | 4 | _a1901-2000 | |
| 651 | 4 | _aPolska | |
| 648 | 4 | _a1939-1945 | |
| 650 | 4 | _aII wojna światowa (1939-1945) | |
| 700 | 1 |
_aMalinowski, Marian _d(1925-1993) _eAutor |
|
| 700 | 1 |
_aPrzygoński, Antoni _d(1924-2014). _eRedakcja |
|
| 700 | 1 |
_aBernaciński, Stefan _d(1915-1989). _eIlustracje |
|
| 710 | 2 |
_aSpółdzielnia Wydawniczo-Handlowa "Książka i Wiedza" _4pbl. |
|
| 856 |
_uhttp://koha.tu.koszalin.pl/cgi-bin/koha/opac-detail.pl?biblionumber=12015 _yKatalog online BPK |
||
| 942 |
_2UKD _cKS |
||
| 999 |
_c12015 _d12015 |
||